Name Every Eeveelution - Statistics

General Stats
  • This quiz has been taken 20 times
  • The average score is 7 of 8
Answer Stats
Hint Answer % Correct
Fire-Type Flareon
100%
Grass-Type Leafeon
100%
Dark-Type Umbreon
100%
Psychic-Type Espeon
94%
Electric-Type Jolteon
94%
Water-Type Vaporeon
94%
Ice-Type Glaceon
82%
Fairy-Type Sylveon
71%
No matching quizzes found
Score Distribution
Percent of People with Each Score
Percentile by Number Answered
Your Score History
You have not taken this quiz